Loading...
| Science - Physics | 0 | 6 | 3 | 1 | 45 | 34 | 62.50 | 0 | 1 |
| Science - Chemistry | 0 | 5 | 2 | 2 | 40 | 81 | 98.80 | 0 | 0 |
| Current Events | 0 | 3 | 0 | 1 | 30 | 53 | 81.33 | 0 | 0 |
| Science - Biology | 0 | 3 | 0 | 0 | 30 | 29 | 59.67 | 1 | 1 |
| Social Science | 0 | 3 | 0 | 0 | 30 | 49 | 68.33 | 0 | 3 |
| Fine Arts - Other Fine Arts | 0 | 2 | 0 | 0 | 20 | 52 | 74.50 | 0 | 0 |
| Mythology | 0 | 2 | 0 | 0 | 20 | 87 | 93.00 | 0 | 0 |
| Fine Arts - Classical Music | 0 | 2 | 1 | 0 | 15 | 54 | 73.00 | 0 | 2 |
| Science - Other Science | 0 | 2 | 1 | 0 | 15 | 24 | 27.50 | 2 | 2 |
| History - European History | 0 | 1 | 0 | 0 | 10 | 70 | 70.00 | 0 | 0 |
| History - American History | 0 | 1 | 0 | 0 | 10 | 31 | 31.00 | 0 | 1 |
| Painting/Sculpture | 0 | 1 | 0 | 0 | 10 | 101 | 101.00 | 0 | 0 |
| History - World History | 0 | 1 | 0 | 0 | 10 | 42 | 42.00 | 0 | 1 |
| Philosophy | 0 | 1 | 1 | 0 | 5 | 92 | 92.00 | 0 | 0 |
| History - Other History | 0 | 1 | 1 | 1 | 5 | 114 | 114.00 | 0 | 0 |
| Literature - British Literature | 0 | 0 | 0 | 0 | 0 | 0.00 | 0 | 0 | |
| Literature - American Literature | 0 | 0 | 1 | 0 | -5 | 0.00 | 0 | 0 |